Hauptstädte, die auf 't' enden - Statistiken

Allgemein
  • Dieses Quiz wurde 197 mal gespielt
  • Das Durchschnittsergebnis liegt bei 6 aus 13
Antwortstatistiken
Hauptstadt Land % Korrekt
Rabat Marokko
58%
Mexiko-Stadt Mexiko
56%
Taschkent Usbekistan
54%
Budapest Ungarn
51%
Panama-Stadt Panama
51%
Kuwait Kuwait
49%
Bukarest Rumänien
48%
Kapstadt Südafrika
44%
Guatemala-Stadt Guatemala
43%
Aschgabat Turkmenistan
42%
Beirut Libanon
42%
Maskat Oman
42%
Nouakchott Mauretanien
25%
Keine übereinstimmenden Quizze gefunden
Verteilung der Resultate
Anzahl Personen mit jedem Resultat
Perzentil nach korrekt beantworteten Fragen
Ihre Resultats-Entwicklung
Sie haben dieses Quiz noch nicht gespielt